00506 2200181 4500245005900000020002200059250001100081100002400092700001300116700002400129650002100153005001900174260007900193041001400272084001000286300001900296336000900315 aPertarungan Terakhir Seri 1cDina Amalia SusamtohText a978-979-069-286-2 acet. 1 aDina Amalia Susamto aSulastri aPandu Dharma Wijaya aCerita Bergambar a20240926105659 aJakarta TimurbKementrian Pendidikan, Keudayaan, Rset, dan Teknologic2016 aIndonesia a741.5 a55 hlm,21 cm : atext